Brock University Quiz Stats

 Plays Quiz not verified by Sporcle

Challenge
Share
Tweet
Embed
Score 0/19 Timer 06:00
0 Plays Today
Hint Answer % Correct
Year Founded1964
77.8%
Location?St. Catharines
66.7%
Mascot?Badger
66.7%
Named After?Isaac Brock
55.6%
ResidenceDeCew
55.6%
Business School?Goodman
55.6%
ResidenceEarp
44.4%
ResidenceVillage
44.4%
FacultySocial Science
44.4%
ResidenceLowenberger
33.3%
Hint Answer % Correct
ResidenceQuarry View
33.3%
FacultyHealth Science
33.3%
FacultyHumanities
33.3%
FacultyMathematics and Science
33.3%
PresidentGervan Fearon
22.2%
ResidenceVallee
22.2%
English Motto?Push On
22.2%
ResidenceGateway Suites
11.1%
FacultyEducation
11.1%

You're not logged in!

Compare scores with friends on all Sporcle quizzes.
OR
Log In

You Might Also Like...

Show Comments

Extras

Top Quizzes Today


Score Distribution

Your Account Isn't Verified!

In order to create a playlist on Sporcle, you need to verify the email address you used during registration. Go to your Sporcle Settings to finish the process.

Report this User

Report this user for behavior that violates our Community Guidelines.

Details: